[Event "OPEN A"]
[Site "?"]
[Date "2007.08.25"]
[Round "1"]
[White "Sodoma, Jan"]
[Black "Tejkal, Jiri"]
[Result "1-0"]
[WhiteElo "2334"]
[BlackElo "2018"]
[PlyCount "65"]
[EventDate "2007.08.25"]
[SourceDate "2007.08.25"]

1. e4 c5 2. Nc3 Nc6 3. Bb5 g6 4. Bxc6 dxc6 5. d3 Bg7 6. Nge2 Nf6 7. O-O O-O 8.
Be3 b6 9. h3 h6 10. f4 e6 11. e5 Nd5 12. Bf2 g5 13. g3 f6 14. Qd2 Bd7 15. Rae1
f5 16. Kh2 Rf7 17. Nd1 Bf8 18. Be3 Be7 19. Nf2 Rg7 20. Ng1 Qe8 21. g4 Qg6 22.
Nf3 Kh8 23. Rg1 Rag8 24. Ref1 fxg4 25. Nxg4 Qh5 26. Nf6 Bxf6 27. exf6 Rh7 28.
Ne5 g4 29. Nxg4 e5 30. Qe2 exf4 31. Bxf4 Bf5 32. f7 Rxf7 33. Be5+ 1-0

[Event "OPEN A"]
[Site "?"]
[Date "2007.08.25"]
[Round "1"]
[White "Postupa, Pavel"]
[Black "Rerabkova, Lucie"]
[Result "1-0"]
[WhiteElo "2147"]
[BlackElo "1946"]
[PlyCount "63"]
[EventDate "2007.08.25"]
[SourceDate "2007.08.25"]

1. e4 c5 2. Nf3 Nc6 3. d4 cxd4 4. Nxd4 g6 5. c4 Nf6 6. Nc3 d6 7. Be2 Nxd4 8.
Qxd4 Bg7 9. O-O O-O 10. Qd1 Be6 11. Be3 Nd7 12. Rc1 Qa5 13. Qd2 Rfe8 14. b3 Nc5
15. f3 Rac8 16. Bd4 Nd7 17. Bxg7 Kxg7 18. Kh1 a6 19. Qb2 Kg8 20. f4 Nf6 21. Bf3
Qb4 22. Qe2 b5 23. e5 Nd7 24. Bd5 bxc4 25. bxc4 Nc5 26. Qf3 Bf5 27. g4 Be6 28.
f5 Bxd5 29. Nxd5 Qb7 30. Rb1 Qc6 31. Rb6 Qd7 32. exd6 1-0

[Event "OPEN A"]
[Site "?"]
[Date "2007.08.25"]
[Round "1"]
[White "Rutter, Lidmila"]
[Black "Moravec, Vit"]
[Result "0-1"]
[WhiteElo "1687"]
[BlackElo "2020"]
[PlyCount "84"]
[EventDate "2007.08.25"]
[SourceDate "2007.08.25"]

1. e4 c5 2. Nf3 e6 3. d4 cxd4 4. Nxd4 Qc7 5. Nc3 a6 6. Be2 Nc6 7. O-O Nf6 8.
Nxc6 bxc6 9. f4 Bc5+ 10. Kh1 d5 11. e5 Nd7 12. Rf3 Ba7 13. b4 Bb7 14. Rg3 g6
15. Ba3 c5 16. b5 Qa5 17. bxa6 Bxa6 18. Bxa6 Qxa6 19. Rb1 Rb8 20. Rxb8+ Bxb8
21. Ne2 Bc7 22. Bc1 Qxa2 23. Ra3 Qc4 24. Rc3 Qa6 25. Nd4 O-O 26. Ra3 Qc8 27.
Nb5 Bb8 28. h4 Qc6 29. Qe2 Nb6 30. h5 Nc4 31. Rb3 Bc7 32. Nxc7 Qxc7 33. Qg4 Qe7
34. hxg6 fxg6 35. Rh3 Nxe5 36. Qe2 Nc4 37. Be3 Nxe3 38. Qxe3 c4 39. c3 Qf6 40.
Rh6 Rf7 41. g3 e5 42. Rh4 d4 0-1

[Event "OPEN A"]
[Site "?"]
[Date "2007.08.25"]
[Round "1"]
[White "Pokorny, Milan"]
[Black "Zamrazil, Jan"]
[Result "1/2-1/2"]
[WhiteElo "2200"]
[BlackElo "1987"]
[PlyCount "104"]
[EventDate "2007.08.25"]
[SourceDate "2007.08.25"]

1. e4 e6 2. d4 d5 3. Nc3 Nf6 4. e5 Nfd7 5. f4 c5 6. Nf3 Nc6 7. Be3 cxd4 8. Nxd4
Nxd4 9. Bxd4 Bb4 10. a3 Bc5 11. Qd2 a6 12. O-O-O b5 13. Qf2 Qb6 14. Be2 Rb8 15.
Bxc5 Qxc5 16. Qxc5 Nxc5 17. Rd4 Ke7 18. Kd2 Bd7 19. Rf1 g6 20. Nd1 Ne4+ 21. Ke3
Rbc8 22. Bd3 f5 23. Bxe4 dxe4 24. Nc3 Rhd8 25. Rfd1 Be8 26. Rxd8 Rxd8 27. Rxd8
Kxd8 28. Kd4 Kc7 29. Kc5 Bc6 30. Nd1 Bd5 31. Ne3 Bc6 32. b3 Bd7 33. c4 bxc4 34.
Nxc4 Bb5 35. Ne3 Bc6 36. g4 Bb5 37. g5 Bd3 38. h4 Bb5 39. Nc2 Bc6 40. Nd4 Bd5
41. b4 Kd7 42. Nc2 Bb3 43. Ne3 Kc7 44. Nf1 Ba4 45. Ne3 Bb5 46. Nc2 Ba4 47. Ne3
Bb5 48. Nd1 Ba4 49. Nc3 Bb5 50. Nd1 Be2 51. Ne3 Bb5 52. Nc2 Bd3 1/2-1/2

[Event "OPEN A"]
[Site "?"]
[Date "2007.08.25"]
[Round "1"]
[White "Grabarczyk, Sylwester"]
[Black "Skala, Jaromir"]
[Result "0-1"]
[WhiteElo "1864"]
[BlackElo "2075"]
[PlyCount "86"]
[EventDate "2007.08.25"]
[SourceDate "2007.08.25"]

1. d4 Nf6 2. c3 e5 3. dxe5 Ng4 4. Nf3 Bc5 5. e3 Nc6 6. Bb5 Ngxe5 7. Nxe5 Nxe5
8. Qh5 Qe7 9. e4 c6 10. Be2 O-O 11. O-O d5 12. Nd2 d4 13. cxd4 Bxd4 14. Nb3 Bb6
15. Bg5 f6 16. Bd2 Be6 17. Kh1 Rad8 18. Bc3 Nd3 19. Qf3 Ne5 20. Qg3 Ng6 21. Bd3
Bc7 22. Qe3 Qd6 23. e5 Qxd3 24. Qxd3 Rxd3 25. Nc5 Nf4 26. Nxd3 Nxd3 27. exf6
gxf6 28. Bd4 a6 29. Rad1 Ne5 30. f4 Ng4 31. Rf3 Kf7 32. h3 Nh6 33. b3 Nf5 34.
Bc5 Rg8 35. Kg1 Bd5 36. Rf2 Ng3 37. Be3 Ne4 38. Rb2 Rg3 39. Re1 h5 40. b4 Rxe3
41. Rxe3 Bb6 42. Rbe2 Ng3 43. Kh2 Nf1+ 0-1

[Event "OPEN A"]
[Site "?"]
[Date "2007.08.25"]
[Round "1"]
[White "Pokorny, Jiri"]
[Black "Ptak, Pavel"]
[Result "0-1"]
[WhiteElo "1955"]
[BlackElo "2162"]
[PlyCount "116"]
[EventDate "2007.08.25"]
[SourceDate "2007.08.25"]

1. e4 g6 2. d4 Bg7 3. Nc3 c6 4. Be3 d5 5. Nge2 Nf6 6. f3 dxe4 7. fxe4 e5 8.
dxe5 Qxd1+ 9. Rxd1 Ng4 10. Bg5 O-O 11. Nd4 Nxe5 12. Be2 Na6 13. O-O Re8 14. Bf6
Bxf6 15. Rxf6 Nc5 16. Rdf1 a5 17. R6f4 Ne6 18. Nxe6 Bxe6 19. Na4 Rad8 20. Nc5
Rd2 21. Nxe6 Rxe6 22. Bd3 Re7 23. R4f2 Rxf2 24. Rxf2 Rd7 25. Bf1 Rd1 26. Re2
Kf8 27. Kf2 Ke7 28. h3 h5 29. Re1 Rd2+ 30. Re2 Rd6 31. b3 h4 32. Ke3 Rf6 33.
Re1 g5 34. Be2 Ng6 35. Bf3 Rd6 36. Re2 Nf4 37. Rd2 Rxd2 38. Kxd2 Kd6 39. Kc3
Ke5 40. Kc4 b6 41. Kc3 Ne6 42. Kd3 Nc5+ 43. Ke3 b5 44. a3 b4 45. a4 f6 46. Kd2
Nxe4+ 47. Kd3 f5 48. Ke3 c5 49. Be2 Nf6 50. Bd3 g4 51. Kf2 Kf4 52. Ke2 gxh3 53.
gxh3 Ne4 54. Ke1 Ng5 55. Bf1 Ke3 56. Bd3 f4 57. Bf5 f3 58. Bg4 Ne4 0-1

[Event "OPEN A"]
[Site "?"]
[Date "2007.08.25"]
[Round "1"]
[White "Lexa, Vaclav"]
[Black "Drabek, Vojtech"]
[Result "0-1"]
[WhiteElo "1937"]
[BlackElo "2142"]
[PlyCount "109"]
[EventDate "2007.08.25"]
[SourceDate "2007.08.25"]

1. d4 Nf6 2. c4 g6 3. Nc3 d5 4. cxd5 Nxd5 5. e4 Nxc3 6. bxc3 Bg7 7. Bc4 O-O 8.
Ne2 c5 9. O-O Nc6 10. Be3 Bg4 11. f3 Na5 12. Bd3 cxd4 13. cxd4 Be6 14. Qa4 a6
15. Rac1 b5 16. Qc2 Rc8 17. Qd2 Nc4 18. Bxc4 Bxc4 19. Rfd1 e6 20. Nc3 Qa5 21.
e5 f5 22. exf6 Bxf6 23. Qf2 b4 24. Ne4 Be7 25. Rd2 Bd5 26. Nc5 Qb5 27. Rdc2 a5
28. Rb2 Bf6 29. Qd2 Rfe8 30. Kf2 Bg7 31. Kg3 Rf8 32. Kf2 Qc6 33. Qe2 Qd6 34.
Kg1 e5 35. Qd3 exd4 36. Bxd4 Bf7 37. Bxg7 Qxd3 38. Nxd3 Rxc1+ 39. Nxc1 Kxg7 40.
Nb3 a4 41. Nc5 b3 42. axb3 axb3 43. Kf2 Rc8 44. Nd3 Rc3 45. Rd2 Kf6 46. Nb2 Ke5
47. Ke2 g5 48. Nd1 Rc2 49. Nb2 Bg6 50. Ke3 h5 51. g3 h4 52. gxh4 gxh4 53. Ke2
Kf4 54. Ke1 Kxf3 55. Nd1 0-1

[Event "OPEN A"]
[Site "?"]
[Date "2007.08.25"]
[Round "1"]
[White "Sirota, Sergej"]
[Black "Studnicka, Tomas"]
[Result "0-1"]
[WhiteElo "2009"]
[BlackElo "2307"]
[PlyCount "110"]
[EventDate "2007.08.25"]
[SourceDate "2007.08.25"]

1. d4 Nf6 2. c4 g6 3. Nc3 d5 4. cxd5 Nxd5 5. e4 Nxc3 6. bxc3 Bg7 7. Bc4 c5 8.
Ne2 Nc6 9. Be3 O-O 10. O-O Bd7 11. Qd2 Re8 12. Rfd1 Rc8 13. Rac1 Na5 14. Bd3
Ba4 15. Re1 e6 16. Qb2 Bf8 17. Qb1 Qd7 18. h4 Bg7 19. h5 Nc6 20. e5 Ne7 21.
hxg6 hxg6 22. Nf4 Bc6 23. Be4 Red8 24. Red1 cxd4 25. cxd4 a6 26. Bxc6 Rxc6 27.
Qe4 b5 28. Nd3 Rdc8 29. Rxc6 Qxc6 30. Qxc6 Nxc6 31. Rc1 Bf8 32. Bd2 Na7 33.
Rxc8 Nxc8 34. Bb4 Nb6 35. Kf1 Nd5 36. a3 Be7 37. Ke2 Kf8 38. g3 a5 39. Bxe7+
Kxe7 40. Kd2 Kd7 41. Kc2 Kc6 42. Kb3 Nb6 43. Nf4 Nc4 44. g4 Nd2+ 45. Kc2 Ne4
46. f3 Ng5 47. Kd3 Nxf3 48. Nh3 b4 49. axb4 axb4 50. Kc4 b3 51. Kxb3 Nxd4+ 52.
Kc4 Nf3 53. g5 Nxe5+ 54. Kd4 Kd6 55. Ke4 Nd7 0-1

[Event "Open A"]
[Site "?"]
[Date "2007.08.25"]
[Round "1"]
[White "Voracek, Miroslav"]
[Black "Ruzicka, Vaclav"]
[Result "1-0"]
[WhiteElo "2153"]
[BlackElo "1953"]
[PlyCount "47"]
[EventDate "2007.08.24"]
[SourceDate "2007.08.25"]

1. e4 d5 2. exd5 Qxd5 3. Nc3 Qa5 4. d4 c6 5. Nf3 Bg4 6. h3 Bh5 7. g4 Bg6 8. Ne5
Nf6 9. Bf4 e6 10. Nc4 Qd8 11. Bg2 Nd5 12. Nxd5 cxd5 13. Ne5 Nc6 14. c3 Be7 15.
Qe2 Nxe5 16. Bxe5 Bf6 17. Bxf6 Qxf6 18. Qb5+ Kf8 19. Qxb7 Qd8 20. O-O h5 21. g5
f6 22. f4 Rb8 23. Qxa7 Rxb2 24. Qa3+ 1-0

[Event "Open A"]
[Site "?"]
[Date "2007.08.25"]
[Round "1"]
[White "Krasnay, Peter"]
[Black "Hampel, Rudolf"]
[Result "1-0"]
[WhiteElo "2133"]
[BlackElo "1822"]
[PlyCount "35"]
[EventDate "2007.??.??"]

1. e4 c5 2. Nf3 e6 3. d4 cxd4 4. Nxd4 Nf6 5. Nc3 Nc6 6. Ndb5 Bc5 7. Bf4 O-O 8.
Bc7 Qe8 9. e5 Nd5 10. Nxd5 exd5 11. Qxd5 Qe7 12. O-O-O a6 13. Nc3 Re8 14. Bc4
b5 15. Bb3 Bb7 16. Ne4 Bd4 17. Nd6 Qg5+ 18. Kb1 1-0

[Event "Open A"]
[Site "?"]
[Date "2007.08.25"]
[Round "1"]
[White "Fojtu, Jan"]
[Black "Hausner, Ivan"]
[Result "0-1"]
[WhiteElo "2019"]
[BlackElo "2393"]
[PlyCount "112"]
[EventDate "2007.??.??"]

1. e4 Nf6 2. e5 Nd5 3. d4 d6 4. Nf3 g6 5. c4 Nb6 6. Be2 Bg7 7. exd6 cxd6 8. O-O
O-O 9. Nc3 Nc6 10. Be3 Bg4 11. Nd2 Bf5 12. Nde4 Bxe4 13. Nxe4 Nxc4 14. Bxc4 d5
15. Bxd5 Qxd5 16. Nc3 Qc4 17. Qe2 Qxe2 18. Nxe2 Rfd8 19. Rfd1 Rd7 20. Rd2 Rad8
21. Rad1 Nb4 22. Nc3 Nd5 23. Nxd5 Rxd5 24. Kf1 f5 25. f4 Kf7 26. g3 Ke6 27. Ke2
Rc8 28. Bf2 Kd6 29. Be3 Bf6 30. Rd3 Ra5 31. a3 Rb5 32. b3 Kd5 33. Rc1 Rxc1 34.
Bxc1 Rb6 35. Bb2 Re6+ 36. Re3 Re4 37. Kd3 Bxd4 38. Bxd4 Rxd4+ 39. Kc2 Kd6 40.
Rc3 Rd5 41. b4 e5 42. fxe5+ Rxe5 43. Kd2 Re7 44. Rc5 b6 45. Rc4 Kd5 46. Rc3 Kd4
47. Rd3+ Kc4 48. Rc3+ Kb5 49. h4 Ka4 50. Rd3 Rc7 51. Re3 Rc4 52. Rf3 Rg4 53. h5
gxh5 54. Rxf5 Rxg3 55. Rxh5 Rxa3 56. b5 Kb4 0-1

[Event "Open A"]
[Site "?"]
[Date "2007.08.25"]
[Round "1"]
[White "Hlavnicka, Jan"]
[Black "Blumel, Otto"]
[Result "0-1"]
[WhiteElo "1996"]
[BlackElo "2234"]
[PlyCount "70"]
[EventDate "2007.??.??"]

1. e4 e5 2. Nf3 Nc6 3. Bc4 Nd4 4. c3 Nxf3+ 5. Qxf3 Nf6 6. d4 d6 7. h3 c6 8. O-O
Qc7 9. Re1 Be6 10. Bxe6 fxe6 11. dxe5 dxe5 12. Bg5 Be7 13. Nd2 O-O 14. Qg3 Nh5
15. Qg4 Bxg5 16. Qxg5 Nf4 17. Nc4 b5 18. Qxe5 Qf7 19. Ne3 Nd3 20. Qg3 Nxe1 21.
Rxe1 Rad8 22. Ng4 Qg6 23. Qc7 h5 24. Ne5 Qf6 25. Nf3 Rd2 26. Qxc6 Rxb2 27. a4
bxa4 28. e5 Qg6 29. Nh4 Qf7 30. Nf3 a3 31. Qa4 a2 32. c4 Qb7 33. c5 Qb4 34. Qa6
Rxf3 35. Qxe6+ Rf7 0-1

[Event "Open A"]
[Site "?"]
[Date "2007.08.25"]
[Round "1"]
[White "Zlamal, Frantisek"]
[Black "Pospisil, Evzen"]
[Result "0-1"]
[WhiteElo "1868"]
[BlackElo "2127"]
[PlyCount "64"]
[EventDate "2007.??.??"]

1. Nf3 Nf6 2. c4 c6 3. Nc3 d5 4. cxd5 cxd5 5. d4 g6 6. g3 Bg7 7. Bg2 O-O 8. O-O
Nc6 9. Ne5 Be6 10. Nxc6 bxc6 11. e3 Rb8 12. b3 c5 13. Na4 cxd4 14. exd4 Rc8 15.
Ba3 Ne4 16. Rc1 Rxc1 17. Bxc1 Bd7 18. Bxe4 dxe4 19. Nc5 Bh3 20. Re1 Qd5 21. Bb2
e5 22. Ba3 exd4 23. Nxe4 Rd8 24. Be7 Re8 25. f3 Rxe7 26. Nf2 Rxe1+ 27. Qxe1 Be6
28. Ne4 d3 29. Qb4 Qd4+ 30. Qxd4 Bxd4+ 31. Kf1 Bd5 32. Nf2 d2 0-1

[Event "Open A"]
[Site "?"]
[Date "2007.08.25"]
[Round "1"]
[White "Lizner, Milan"]
[Black "Innemann, Frantisek"]
[Result "1-0"]
[WhiteElo "2140"]
[BlackElo "1903"]
[PlyCount "91"]
[EventDate "2007.??.??"]

1. e4 e6 2. d4 d5 3. e5 c5 4. c3 Nc6 5. Nf3 Bd7 6. a3 cxd4 7. cxd4 Rc8 8. Be2
Nge7 9. O-O Ng6 10. Nc3 Be7 11. Be3 a6 12. Rc1 O-O 13. Bd3 Be8 14. Re1 Na5 15.
Nd2 Bg5 16. Qg4 Bxe3 17. fxe3 Qh4 18. Qxh4 Nxh4 19. Nxd5 Rxc1 20. Ne7+ Kh8 21.
Rxc1 Nc6 22. Nxc6 Bxc6 23. g3 Ng6 24. Bxa6 Ne7 25. Bd3 Ra8 26. Kf2 g6 27. Ne4
Kg7 28. Nd6 Nf5 29. Nxf5+ gxf5 30. Be2 Ra5 31. Bf3 Rb5 32. b4 Rb6 33. Bxc6 bxc6
34. Kf3 h5 35. e4 Kg6 36. Ke3 Ra6 37. Rc3 Kg5 38. d5 exd5 39. exd5 cxd5 40. b5
Ra4 41. Rb3 Re4+ 42. Kd3 Rxe5 43. b6 f4 44. gxf4+ Kxf4 45. Rb4+ Kf3 46. b7 1-0

[Event "Open A"]
[Site "?"]
[Date "2007.08.25"]
[Round "1"]
[White "Vojta, Tomas"]
[Black "Rmoutil, Martin"]
[Result "1-0"]
[WhiteElo "2283"]
[BlackElo "2002"]
[PlyCount "49"]
[EventDate "2007.??.??"]

1. e4 c5 2. f4 Nc6 3. Nf3 d6 4. Bb5 Bd7 5. O-O Nf6 6. d3 e6 7. Nc3 Be7 8. Bxc6
Bxc6 9. Qe2 Qb6 10. Kh1 O-O 11. e5 Nd5 12. Ne4 Rfd8 13. Nfg5 h6 14. Nxf7 Kxf7
15. f5 dxe5 16. Qh5+ Kg8 17. Bxh6 Bf8 18. fxe6 Be8 19. Qg4 Nf4 20. Rxf4 exf4
21. Nf6+ Kh8 22. Bxg7+ Bxg7 23. Qh4+ Bh5 24. Qxh5+ Bh6 25. Qxh6# 1-0

[Event "Open A"]
[Site "?"]
[Date "2007.08.25"]
[Round "1"]
[White "Kaiser, Rudolf"]
[Black "Kojetsky, Pavel"]
[Result "1/2-1/2"]
[WhiteElo "1947"]
[BlackElo "2145"]
[PlyCount "77"]
[EventDate "2007.??.??"]

1. e4 c5 2. d4 cxd4 3. c3 dxc3 4. Nxc3 Nc6 5. Nf3 d6 6. Bc4 e6 7. O-O Nf6 8.
Qe2 a6 9. Rd1 Qc7 10. Bf4 Be7 11. e5 Nh5 12. Bg5 d5 13. Bxd5 exd5 14. Nxd5 Qb8
15. Rac1 Bxg5 16. Nxg5 Nf4 17. Nxf4 O-O 18. Rd6 Bf5 19. Rcd1 h6 20. Ngh3 Re8
21. e6 fxe6 22. g4 Bb1 23. b3 e5 24. Qc4+ Kh7 25. Ne6 Re7 26. Rxc6 bxc6 27.
Rxb1 Qd6 28. Nc5 a5 29. Qe4+ g6 30. Rc1 Qd2 31. Rc2 Qd1+ 32. Kg2 Rd8 33. Qe2
Qb1 34. Nf4 Rd4 35. Nfe6 Rd6 36. Qc4 Rdxe6 37. Nxe6 Rxe6 38. Qxe6 Qxc2 39. Qf7+
1/2-1/2

[Event "Open A"]
[Site "?"]
[Date "2007.08.25"]
[Round "1"]
[White "Framberk, Jan"]
[Black "Berg, Antonin"]
[Result "1/2-1/2"]
[WhiteElo "2070"]
[BlackElo "1852"]
[PlyCount "44"]
[EventDate "2007.??.??"]

1. e4 Nf6 2. Nc3 d5 3. e5 d4 4. exf6 dxc3 5. fxg7 cxd2+ 6. Qxd2 Qxd2+ 7. Bxd2
Bxg7 8. O-O-O O-O 9. Bc4 Nc6 10. Ne2 a5 11. Nc3 Ne5 12. Be2 Be6 13. Bf4 c6 14.
Rhe1 Rfd8 15. a4 Kf8 16. Ne4 Bd5 17. f3 Bxe4 18. fxe4 Rd6 19. Rxd6 exd6 20. Rf1
Ke7 21. Bh5 Rf8 22. b3 Ke6 1/2-1/2

[Event "Open A"]
[Site "?"]
[Date "2007.08.25"]
[Round "1"]
[White "Horyna, Josef"]
[Black "Keller, Daniel"]
[Result "1/2-1/2"]
[WhiteElo "1893"]
[BlackElo "2139"]
[PlyCount "64"]
[EventDate "2007.??.??"]

1. d4 d6 2. e4 Nf6 3. Nc3 c6 4. h3 Qa5 5. Bd3 e5 6. dxe5 dxe5 7. Nf3 Be7 8. O-O
O-O 9. Be3 Nbd7 10. a3 Qc7 11. b4 b5 12. Ne2 a5 13. c3 Rd8 14. Qc2 Bb7 15. Ng3
c5 16. Bxb5 cxb4 17. axb4 axb4 18. Rxa8 Rxa8 19. Bxd7 Nxd7 20. Rc1 Rc8 21. c4
Nc5 22. Nd2 Qc6 23. Nf5 Bf8 24. f3 Ra8 25. Bxc5 Bxc5+ 26. Kh2 Bc8 27. Nb3 Bf8
28. Ne3 f6 29. Nd5 Ra3 30. c5 Qa4 31. Rb1 Ba6 32. c6 Ra2 1/2-1/2

[Event "Open A"]
[Site "?"]
[Date "2007.08.25"]
[Round "1"]
[White "Srba, Milan"]
[Black "Koper, Stefan"]
[Result "1-0"]
[WhiteElo "2237"]
[BlackElo "2000"]
[PlyCount "75"]
[EventDate "2007.??.??"]

1. e4 d6 2. d4 g6 3. Be3 Bg7 4. Nc3 c6 5. Qd2 Nf6 6. Bh6 O-O 7. f3 b5 8. h4 b4
9. Nce2 c5 10. h5 e5 11. Bxg7 Kxg7 12. hxg6 fxg6 13. Qh6+ Kg8 14. d5 Rf7 15. g4
Qf8 16. Qh4 Nxg4 17. fxg4 Rxf1+ 18. Kd2 Rf7 19. Nf3 h6 20. Ng5 Rf2 21. Ke3
Rxe2+ 22. Kxe2 Qf4 23. Nf3 Bxg4 24. Qd8+ Kf7 25. Raf1 Qxe4+ 26. Kd1 Qf4 27. c3
e4 28. Kc2 exf3 29. Re1 Bf5+ 30. Kd1 Be4 31. Rxh6 Qxh6 32. Rxe4 Qh1+ 33. Kc2
Qh2+ 34. Kb3 c4+ 35. Kxc4 f2 36. Re7+ Kf6 37. Rh7+ Kf5 38. Qf8+ 1-0

[Event "Open A"]
[Site "?"]
[Date "2007.08.25"]
[Round "1"]
[White "Herejk, Petr"]
[Black "Feierfeil, Jiri"]
[Result "0-1"]
[WhiteElo "2178"]
[BlackElo "1978"]
[PlyCount "102"]
[EventDate "2007.??.??"]

1. e4 c5 2. Nf3 d6 3. d4 cxd4 4. Nxd4 Nf6 5. Nc3 a6 6. Bg5 e6 7. f4 Be7 8. Qf3
Qc7 9. O-O-O O-O 10. g4 Nc6 11. Nxc6 bxc6 12. Bd3 Rb8 13. e5 Nd5 14. Nxd5 cxd5
15. Bxe7 Qxe7 16. Qe2 Qb7 17. c3 dxe5 18. fxe5 a5 19. Bb1 Bd7 20. Qc2 g6 21.
Rd2 d4 22. Re1 dxc3 23. bxc3 Rfc8 24. Re3 Rc4 25. Qb3 Qh1+ 26. Qd1 Qxd1+ 27.
Rxd1 Ba4 28. Rg1 Bc6 29. h3 Bd5 30. Rd1 Rbc8 31. Kd2 Rb8 32. Kc1 Rf4 33. Red3
Kg7 34. Rd4 Rf3 35. R4d3 Be4 36. Bc2 Bxd3 37. Rxd3 Rf2 38. Bb3 Re2 39. c4 Rxe5
40. Kd2 h5 41. Kc3 hxg4 42. hxg4 Re4 43. Rd4 Re3+ 44. Rd3 Rxd3+ 45. Kxd3 Rd8+
46. Ke4 Kf6 47. c5 g5 48. c6 Ke7 49. Ba4 f6 50. Bb5 Kd6 51. a4 Rc8 0-1

[Event "Open A"]
[Site "?"]
[Date "2007.08.25"]
[Round "1"]
[White "Havelka, Petr"]
[Black "Purnoch, Josef"]
[Result "1/2-1/2"]
[WhiteElo "1979"]
[BlackElo "2184"]
[PlyCount "83"]
[EventDate "2007.??.??"]

1. d4 Nf6 2. c4 c5 3. e3 cxd4 4. exd4 d5 5. Be3 Nc6 6. Nc3 a6 7. a3 e6 8. Nf3
Be7 9. Be2 O-O 10. O-O dxc4 11. Bxc4 b5 12. Be2 Bb7 13. Ne5 Qc7 14. Nxc6 Bxc6
15. Rc1 Qb7 16. f3 Rfd8 17. Qb3 Rd7 18. Rc2 Rad8 19. Rfc1 Nd5 20. Nxd5 Bxd5 21.
Qc3 Bf6 22. Qa5 Bc4 23. Bxc4 bxc4 24. Rxc4 Qxb2 25. Qxa6 Bxd4 26. Bxd4 Rxd4 27.
Rc8 Qd2 28. Kf1 g6 29. Rxd8+ Rxd8 30. Rc8 Qd1+ 31. Kf2 Qd4+ 32. Kg3 Kg7 33.
Rxd8 Qxd8 34. a4 Qc7+ 35. Kh3 Qf4 36. Qc6 g5 37. g3 Qf5+ 38. g4 Qd3 39. Qe4
Qf1+ 40. Kg3 Qg1+ 41. Kh3 Qf1+ 42. Kg3 1/2-1/2

[Event "Open A"]
[Site "?"]
[Date "2007.08.25"]
[Round "?"]
[White "Kubikova, Hana"]
[Black "Prochazka, Petr"]
[Result "1/2-1/2"]
[WhiteElo "2187"]
[BlackElo "1985"]
[PlyCount "64"]
[EventDate "2007.??.??"]

1. d4 d5 2. Nf3 Nc6 3. Bf4 Bg4 4. e3 e6 5. Bb5 Bd6 6. Bg3 Nge7 7. c3 O-O 8. Bd3
Ng6 9. h3 Bxf3 10. Qxf3 f5 11. O-O Bxg3 12. fxg3 Kh8 13. Nd2 Qd6 14. Rae1 Rf6
15. g4 Raf8 16. Bc2 Nd8 17. g5 R6f7 18. Qf2 e5 19. h4 e4 20. h5 Ne7 21. Qh4 f4
22. exf4 Rxf4 23. Qh2 Rxf1+ 24. Rxf1 Rxf1+ 25. Nxf1 Qxh2+ 26. Nxh2 Ne6 27. Ng4
Nxg5 28. Ne3 c6 29. Kf2 Kg8 30. Kg3 Kf7 31. Kf4 Ne6+ 32. Ke5 g6 1/2-1/2

[Event "Open A"]
[Site "?"]
[Date "2007.08.25"]
[Round "?"]
[White "Hoskovec, Josef"]
[Black "Kozak, Milos"]
[Result "0-1"]
[WhiteElo "1988"]
[BlackElo "2213"]
[PlyCount "108"]
[EventDate "2007.??.??"]

1. e4 c5 2. d3 Nc6 3. g3 g6 4. Bg2 Bg7 5. Nc3 d6 6. f4 e6 7. Nf3 Nge7 8. O-O
O-O 9. Be3 Nd4 10. Rb1 Rb8 11. Ne2 Nxf3+ 12. Bxf3 b6 13. g4 f5 14. g5 Bb7 15.
Ng3 d5 16. exf5 Nxf5 17. Nxf5 exf5 18. c4 Re8 19. Bf2 dxc4 20. Bxb7 Rxb7 21.
dxc4 Qxd1 22. Rfxd1 Re4 23. Rd8+ Kf7 24. Rbd1 Bxb2 25. R1d7+ Rxd7 26. Rxd7+ Re7
27. Rxe7+ Kxe7 28. Kg2 Ba3 29. Kf3 a6 30. Ke2 Kd6 31. Be3 b5 32. Kd3 Kc6 33.
Kc3 Bb4+ 34. Kb3 Ba5 35. Bc1 Bc7 36. Bd2 Bd6 37. Be3 Bf8 38. h3 h6 39. h4 h5
40. Bd2 Bg7 41. Be1 Bd4 42. Bg3 Kb6 43. Be1 Be3 44. Bg3 Bg1 45. Kc3 Kc6 46. Kb3
bxc4+ 47. Kxc4 Kd6 48. a4 Kc6 49. Be1 Bh2 50. Bd2 Bg3 51. Be3 Bxh4 52. Bxc5 Bg3
53. Be3 h4 54. Kd3 h3 0-1

[Event "Open A"]
[Site "?"]
[Date "2007.08.25"]
[Round "1"]
[White "Fikr, Lukas"]
[Black "Sochorova, Jana"]
[Result "1-0"]
[WhiteElo "2134"]
[BlackElo "1882"]
[PlyCount "101"]
[EventDate "2007.??.??"]

1. Nf3 Nf6 2. g3 g6 3. Bg2 Bg7 4. O-O O-O 5. d4 d5 6. c4 c6 7. b3 Re8 8. Bb2
Ne4 9. Nbd2 Nd7 10. Nxe4 dxe4 11. Ng5 Nf6 12. Nxe4 Nxe4 13. Bxe4 Bh3 14. Bg2
Bxg2 15. Kxg2 Qb6 16. e3 Rad8 17. Qc2 e6 18. Bc3 c5 19. dxc5 Qxc5 20. Rad1 Qc6+
21. f3 Qb6 22. Bxg7 Kxg7 23. c5 Qb4 24. a3 Qa5 25. Qb2+ Kg8 26. b4 Qb5 27. Rd4
Rxd4 28. Qxd4 e5 29. Qd5 a5 30. f4 e4 31. f5 g5 32. Rf2 Qd3 33. Qxd3 exd3 34.
Kf3 axb4 35. axb4 Ra8 36. Rd2 Ra4 37. Rxd3 Rxb4 38. f6 h6 39. Rd4 Rb5 40. Rd5
Kh7 41. Ke4 Kg6 42. Ke5 Rb2 43. g4 Rxh2 44. Rd8 Rc2 45. Rg8+ Kh7 46. Rg7+ Kh8
47. Kd6 Rd2+ 48. Ke7 Re2 49. Kxf7 Rxe3 50. Kg6 Re6 51. Rxb7 1-0

[Event "Open A"]
[Site "?"]
[Date "????.??.??"]
[Round "1"]
[White "Vanecek, Stanislav"]
[Black "Vrana, Jan"]
[Result "0-1"]
[WhiteElo "2002"]
[BlackElo "2271"]
[PlyCount "82"]

1. c4 e6 2. Nf3 d5 3. d4 Nf6 4. Nc3 Be7 5. g3 O-O 6. Bg2 dxc4 7. O-O Nc6 8. Qa4
Nxd4 9. Nxd4 Qxd4 10. Rd1 Qb6 11. Qxc4 c6 12. Na4 Qb4 13. Qxb4 Bxb4 14. Be3 Nd5
15. Bc5 Bxc5 16. Nxc5 b6 17. Nb3 Bb7 18. Nd4 Rac8 19. Rd2 Rc7 20. Rad1 g6 21.
Nf3 c5 22. Ne5 Kg7 23. Nc4 Nf6 24. Nd6 Bxg2 25. Kxg2 Rb8 26. a4 a6 27. h3 b5
28. axb5 axb5 29. g4 h6 30. e4 Rc6 31. f4 c4 32. f5 e5 33. Kf3 g5 34. Ke3 Rbb6
35. Ke2 Kf8 36. Nxf7 Kxf7 37. Rd8 Rc7 38. Rh8 Kg7 39. Rdd8 b4 40. h4 c3 41.
hxg5 hxg5 0-1

[Event "Open A"]
[Site "?"]
[Date "????.??.??"]
[Round "1"]
[White "Postupa, Martin"]
[Black "Vanka, Miloslav"]
[Result "1/2-1/2"]
[WhiteElo "1985"]
[BlackElo "2194"]
[PlyCount "53"]

1. e4 e5 2. Nf3 Nf6 3. Nc3 Bb4 4. d3 O-O 5. Be2 Re8 6. O-O Bxc3 7. bxc3 d5 8.
exd5 Nxd5 9. Bd2 Nc6 10. c4 Nde7 11. Bc3 Ng6 12. Re1 Bf5 13. Rb1 Rb8 14. Nd2
Nd4 15. Bf3 c6 16. Bxd4 Qxd4 17. Be4 Qd7 18. Rb3 Bg4 19. Qb1 Nf4 20. h3 Bh5 21.
Bf3 Ng6 22. c5 f6 23. Ra3 b6 24. cxb6 axb6 25. Rb3 Qc7 26. Rc3 c5 27. Rb3
1/2-1/2

[Event "Open A"]
[Site "?"]
[Date "????.??.??"]
[Round "1"]
[White "Balhar, Jan"]
[Black "Lavrincik, Pavel"]
[Result "1-0"]
[WhiteElo "2226"]
[BlackElo "1993"]
[PlyCount "59"]

1. d4 d6 2. e4 Nf6 3. Nc3 e5 4. Nf3 Nbd7 5. Bc4 Be7 6. O-O c6 7. a4 a5 8. Re1
O-O 9. h3 Qc7 10. Bg5 h6 11. Bh4 Re8 12. d5 cxd5 13. Bxd5 Qb6 14. Qd2 Nc5 15.
Bxf6 Bxf6 16. Nb5 Be6 17. Bxe6 Rxe6 18. Nc3 Qb4 19. Nd5 Qxd2 20. Nxd2 Rc8 21.
Nc4 Bd8 22. b3 Kf8 23. f3 Rc6 24. Red1 g6 25. Nc3 Bb6 26. Kf1 Na6 27. Nb5 Ke7
28. Rd2 Nc5 29. Nc3 f5 30. Nxb6 1-0

[Event "Open A"]
[Site "?"]
[Date "????.??.??"]
[Round "1"]
[White "Hrubant, Ivan"]
[Black "Svitak, David"]
[Result "1/2-1/2"]
[WhiteElo "2119"]
[BlackElo "1769"]
[PlyCount "114"]

1. d4 Nf6 2. c4 g6 3. Nc3 Bg7 4. e4 d6 5. f4 O-O 6. Nf3 c5 7. d5 e6 8. Be2 exd5
9. exd5 Bf5 10. O-O Re8 11. Bd3 Qd7 12. Qc2 Bxd3 13. Qxd3 Na6 14. a3 Nc7 15. f5
Qxf5 16. Qxf5 gxf5 17. Nh4 Ne4 18. Nxf5 Bd4+ 19. Nxd4 cxd4 20. Nxe4 Rxe4 21.
Bf4 b5 22. b3 bxc4 23. bxc4 Ne8 24. Rae1 f5 25. Rxe4 fxe4 26. Bh6 Ng7 27. Rf4
Re8 28. Rg4 e3 29. Bxg7 d3 30. Bc3+ Kf7 31. Rd4 Rb8 32. h3 Rb1+ 33. Kh2 Rd1 34.
Kg3 d2 35. Rd3 e2 36. Rf3+ Kg6 37. Bxd2 Rxd2 38. Kf2 Rc2 39. Re3 Rxc4 40. Rxe2
Rf4+ 41. Kg1 Rf6 42. Rc2 Rf5 43. Rc6 Rxd5 44. Ra6 Rd2 45. Rxa7 h5 46. a4 Kf5
47. a5 Ra2 48. a6 Ke6 49. Rh7 Rxa6 50. Rxh5 Ra2 51. g4 d5 52. Rf5 d4 53. Rf2
Ra4 54. g5 d3 55. Kg2 Rd4 56. Rd2 Kf5 57. Kf3 Kxg5 1/2-1/2